000 00348cam a2200145ua 4500
041 _aeng
_h
082 _a822
_bING/FO
100 _aInge, William .
245 _aFour plays /
_cWilliam Inge.
_hTextual Documents
260 _aMelbourne :
_bWilliam Heinemann Ltd ,
_c1960.
300 _a304 ; .
504 _a
942 _cBK
999 _c6046
_d6046